| 000 | 00406nam a22001577a 4500 | ||
|---|---|---|---|
| 008 | 170419b xxu||||| |||| 00| 0 eng d | ||
| 082 | _a539.7/613t | ||
| 100 | _aBlatt, John.M | ||
| 245 | _aTheoretical nuclear physics | ||
| 260 |
_aNew York; _bJohn Wiley and sons, _c1952. |
||
| 300 | _axiv,864p.illu | ||
| 650 | _aPhysics | ||
| 650 | _aNuclear Physics | ||
| 700 | _aWeisskopf, V.F | ||
| 942 |
_2ddc _cGEN |
||
| 999 |
_c80506 _d80495 |
||